000 01081nam a2200289 i 4500
003 DO-SdBNP
005 20240705113644.0
007 ta
008 240705b2004 cu ||||| |||| 00| 0 spa d
020 _a9592600902
040 _aDO-SdBNP
_bspa
_cBNPHU
_erda
082 4 _222
100 1 _aMurilo Carvalho, José de,
_d1939-
_eautor
_985968
245 1 0 _aCiudadanía en Brasil :
_bel largo camino /
_cJosé Murilo de Carvalho ; traducción, Rodolfo Alpízar Castillo ; edición, César Ramos ; corrección, Gilda María Fernández
264 _aCuba :
_bCasa de las Américas,
_c2004
300 _a213 páginas ;
_c19 cm.
336 _2rdacontent
_atexto
_btxt
337 _2rdamedia
_asin mediación
_bn
338 _2rdacarrier
_avolumen
_bnc
500 _aIncluye datos biográficos del autor en la solapa de la contracubierta
590 _aInventariado, 2024/BT
700 1 _aAlpízar Castillo, Rodolfo,
_etraducción
_911423
700 1 _aRamos, César,
_eedición
_913341
700 1 _aFernández, Gilda María,
_ecorrección
_985969
910 _aBtavárez
942 _2ddc
_cLBS1
999 _c57185
_d57185